| 000 | 00447cam a2200169ua 4500 | ||
|---|---|---|---|
| 020 | _c11.00 | ||
| 041 |
_aeng _h |
||
| 082 |
_a954.03 _bTAR/HI |
||
| 100 | _aTara, Chand . | ||
| 245 |
_aHistory of the freedom movement in India, Vol 3 / _cTara Chand. _hTextual Documents |
||
| 260 |
_aIndia : _bPublication Division, Govt. of India , _c1972. |
||
| 300 | _a527 ; . | ||
| 365 | _a11.00 | ||
| 504 | _a | ||
| 942 | _cBK | ||
| 999 |
_c5099 _d5099 |
||